Overtaken by events : the Dominican crisis from the fall of Trujillo to the civil war

Saved in:
Bibliographic Details
Main Author: Martin, John Bartlow, 1915-1987
Format: Book
Language:English
Published: New York : Doubleday, 1966
Subjects:
Tags: Add Tag
No Tags, Be the first to tag this record!

MARC

LEADER 00000cam a2200000 i 4500
001 1/16769
008 111124s1966 eng d
035 |l 10111474 
040 |a GR-MY-UA  |b gre  |e aacr 
041 0 |a eng 
082 0 |a 972.93054  |2 (22) 
100 1 |a Martin, John Bartlow,   |d 1915-1987. 
245 1 0 |a Overtaken by events :  |b the Dominican crisis from the fall of Trujillo to the civil war /  |c John Bartlow Martin 
260 |a New York :   |b Doubleday,   |c 1966 
300 |a xiv, 821 σ.;  |c 24 εκ. 
504 |a Περιέχει βιβλιoγραφικές σημειώσεις σ. [757]-760 
651 0 |a Dominican Republic  |x History  |y 1961- 
651 0 |a Dominican Republic  |x Foreign relations  |z United States. 
651 0 |a United States  |x Foreign relations  |z Dominican Republic. 
852 |a INST  |b LESVOS  |e 20111124  |h 972.93054 MAR  |p 005100050945  |q 005100050945  |t BK  |y 0 
901 |a BIBL1-2011-3 
909 |a Λ  |b 173176 
970 |a ΤΖΑΦΕΡΗ  |b ΕΥΑΓΓΕΛΙΑ  |z 2011/11/23